Estudio sobre la propiedad inmobiliaria en la República Dominicana / (Record no. 136192)

MARC details
000 -LEADER
campo de control de longitud fija 00851nam a2200217 i 4500
001 - NÚMERO DE CONTROL
campo de control 136192
003 - IDENTIFICADOR DE NÚMERO DE CONTROL
campo de control ES-MaACL
005 - FECHA Y HORA DE LA ÚLTIMA TRANSACCIÓN
campo de control 20230906195046.0
007 - CAMPO FIJO DE DESCRIPCIÓN FÍSICA--INFORMACIÓN GENERAL
campo de control de longitud fija t|
008 - DATOS DE LONGITUD FIJA--INFORMACIÓN GENERAL
campo de control de longitud fija 070214s1952 dr |||| | spa d
100 1# - ENTRADA PRINCIPAL--NOMBRE DE PERSONA
Nombre de persona Ruiz Tejada, Manuel Ramón.
9 (RLIN) 100935
245 10 - MENCIÓN DEL TÍTULO
Título Estudio sobre la propiedad inmobiliaria en la República Dominicana /
Mención de responsabilidad, etc. Manuel Ramón Ruiz Tejada.
260 ## - PUBLICACIÓN, DISTRIBUCIÓN, ETC.
Lugar de publicación, distribución, etc. Ciudad Trujillo (República Dominicana) :
Nombre del editor, distribuidor, etc. Universidad de Santo Domingo :
-- Ed. del Caribe,
Fecha de publicación, distribución, etc. 1952.
300 ## - DESCRIPCIÓN FÍSICA
Extensión 446 p. ;
Dimensiones 23 cm.
490 1# - MENCIÓN DE SERIE
Mención de serie Publicaciones de la Universidad de Santo Domingo ;
Designación de volumen o secuencia 85
650 #4 - PUNTO DE ACCESO ADICIONAL DE MATERIA--TÉRMINO DE MATERIA
Término de materia o nombre geográfico como elemento de entrada Propiedad inmobiliaria-
Subdivisión geográfica República Dominicana.
9 (RLIN) 169314
710 2# - ENTRADA AGREGADA--NOMBRE DE ENTIDAD CORPORATIVA
Nombre de entidad corporativa o nombre de jurisdicción como elemento de entrada Universidad de Santo Domingo.
9 (RLIN) 7299
830 0# - PUNTO DE ACCESO ADICIONAL DE SERIE-TÍTULO UNIFORME
Título uniforme Publicaciones de la Universidad de Santo Domingo ;
Designación de volumen o secuencia 85
9 (RLIN) 182804
852 ## - LOCALIZACIÓN
Ubicación ES-MaACL
Número de control de estantería C-5886
Holdings
Estatus retirado Estado de pérdida Estado de daño No para préstamo Biblioteca de origen Biblioteca actual Ubicación en estantería Fecha de adquisición Fuente de adquisición Total de préstamos Signatura topográfica completa Código de barras Visto por última vez Precio de reemplazo Tipo de ítem Koha
        Biblioteca del Ateneo de Madrid Biblioteca del Ateneo de Madrid Sala Palomar 17/01/2008     C-5886 1141741 23/02/2023 23/02/2023 Libro impreso